Probleme und Erfahrungen bei der Rechnergestützten Projektierung Flexibler Automatisierter Integrierter Fertigungen

Bibliographic Details
Main Authors: Wirth, S. (Author), Förster, A. (Author)
Format: Article
Language:German
PhysicalDescription:Lit. 6 zázn. v nem., tal.
Subjects:

MARC

LEADER 00000nab a2200000 a 4500
001 vtls000272870
003 SK-MaSNL
005 20260319074805.0
008 160204c1986 xo 0 ger
015 |a SNBRA19rr/mm-uuuuu 
035 |a CL0282984 
040 |a SNKBUCL  |b slo  |c SNKBUCL  |e AACR2 
041 0 |a ger 
044 |a xo  |c SK 
080 |a 658.512.2:681.3:658.52.011.56  |2 1981 
080 |a 681.3  |2 1981 
080 |a 658.52.011.56  |2 1981 
100 1 |a Wirth, S.  |4 aut  |9 940164 
245 1 0 |a Probleme und Erfahrungen bei der Rechnergestützten Projektierung Flexibler Automatisierter Integrierter Fertigungen  |c S. Wirth, A. Förster 
300 |b Lit. 6 zázn. v nem., tal. 
650 0 7 |a systémy výrobné pružné  |2 snkbucl  |9 921905 
650 0 7 |a projektovanie  |2 snkbucl  |9 4997 
650 0 7 |a systémy CAD  |2 snkbucl  |9 535511 
655 7 |a články zo zborníkov  |2 snkbucl  |9 166140 
700 1 |a Förster, A.  |4 aut  |9 940165 
773 0 |t INTERTECHNO 86. Rozvoj automatizovaných výrobných procesov v strojárstve. 1. diel  |d Bratislava : Dom techniky ČSVTS, 1986 
850 |a Slovenská národná knižnica v Martine  |a MTA001 
852 |a SNK  |b KIS3GCP 
958 |a NB 
958 |a RK 
958 |a DE 
992 |a RZB 
999 |c 1494739  |d 1496669